[Event "Muensterland Verbandsliga 1516"]
[Site "Germany"]
[Date "2015.12.12"]
[Round "4.3"]
[White "Hedwig, Johannes"]
[Black "Hartmann, Steffen"]
[Result "0-1"]
[WhiteElo "1809"]
[BlackElo "1877"]
[PlyCount "58"]
[EventDate "2015.09.12"]
[EventType "team"]
[EventRounds "9"]
[EventCountry "GER"]
[SourceTitle "EXT 2017"]
[Source "ChessBase"]
[SourceDate "2016.10.25"]
[SourceVersion "1"]
[SourceVersionDate "2016.10.25"]
[SourceQuality "1"]
[WhiteTeam "Emsdetten Rochade II"]
[BlackTeam "Muenster SK V"]
[WhiteTeamCountry "GER"]
[BlackTeamCountry "GER"]

1. e4 c5 2. Nc3 e6 3. Nge2 Nc6 4. g3 Nf6 5. Bg2 Be7 6. 0-0 0-0 7. d3 d5 8. exd5 exd5 9. d4 cxd4 10. Nxd4 h6 11. h3 a6 12. Be3 Re8 13. Nde2 Be6 14. Nf4 Qa5 15. Ncxd5 Bxd5 16. Nxd5 Rad8 17. Nxe7+ Rxe7 18. Qe1 Qf5 19. Qc1 Nb4 20. g4 Qc8 21. c3 Nd3 22. Qc2 Ne5 23. Bd4 Rxd4 24. f4 Ng6 25. g5 hxg5 26. fxg5 Nh5 27. Qb3 Rf4 28. Rfe1 Qc5+ 29. Kh2 Qxg5 0-1

[Event "Muensterland Verbandsliga 1516"]
[Site "Germany"]
[Date "2015.11.21"]
[Round "3.2"]
[White "Liesmann, Karsten"]
[Black "Hedwig, Johannes"]
[Result "1-0"]
[WhiteElo "1987"]
[BlackElo "1809"]
[PlyCount "55"]
[EventDate "2015.09.12"]
[EventType "team"]
[EventRounds "9"]
[EventCountry "GER"]
[SourceTitle "EXT 2017"]
[Source "ChessBase"]
[SourceDate "2016.10.25"]
[SourceVersion "1"]
[SourceVersionDate "2016.10.25"]
[SourceQuality "1"]
[WhiteTeam "Bocholt"]
[BlackTeam "Emsdetten Rochade II"]
[WhiteTeamCountry "GER"]
[BlackTeamCountry "GER"]

1. d4 d5 2. Nf3 Nf6 3. e3 e6 4. Bd3 Nbd7 5. 0-0 c5 6. b3 Be7 7. Nbd2 0-0 8. Bb2 b6 9. Ne5 Qc7 10. f4 Bd6 11. Rf3 Rd8 12. Rh3 Nf8 13. Rc1 Bb7 14. Qe2 Qe7 15. Nf1 Rac8 16. Ng3 Rc7 17. Nh5 Bxe5 18. dxe5 Nxh5 19. Bxh7+ Nxh7 20. Qxh5 Kf8 21. Qxh7 Ke8 22. Qxg7 Kd7 23. Rh8 Rxh8 24. Qxh8 Rc8 25. Qf6 Qf8 26. Rf1 d4 27. f5 Bd5 28. e4 1-0

[Event "Muensterland Verbandsklasse 1415"]
[Site "Germany"]
[Date "2014.11.15"]
[Round "3.1"]
[White "Hedwig, Johannes"]
[Black "Teloeken, Daniel"]
[Result "1/2-1/2"]
[WhiteElo "1795"]
[BlackElo "1877"]
[PlyCount "90"]
[EventDate "2014.09.13"]
[EventType "team-tourn"]
[EventRounds "9"]
[EventCountry "GER"]
[SourceTitle "EXT 2016"]
[Source "ChessBase"]
[SourceDate "2015.10.08"]
[SourceVersion "1"]
[SourceVersionDate "2015.10.08"]
[SourceQuality "1"]
[WhiteTeam "Emsdetten Rochade II"]
[BlackTeam "Suedlohn II"]
[WhiteTeamCountry "GER"]
[BlackTeamCountry "GER"]

1. e4 c5 2. Nf3 e6 3. d4 cxd4 4. Nxd4 a6 5. Be3 Qc7 6. Bd3 Nf6 7. f4 d6 8. Nd2 b6 9. Qf3 Bb7 10. Qg3 Nbd7 11. N4b3 h5 12. h3 h4 13. Qf2 Be7 14. Bd4 Nh5 15. 0-0-0 0-0-0 16. Nc4 Nc5 17. Nxc5 bxc5 18. Bc3 Rdf8 19. Rhe1 Rhg8 20. Be2 Ng3 21. Bf3 f6 22. Ba5 Qc6 23. Nb6+ Kb8 24. Rd3 Qb5 25. Qd2 c4 26. Rd4 d5 27. exd5 Bc5 28. a4 Qe8 29. Rxc4 Bxb6 30. Bxb6 e5 31. Rc7 Qxa4 32. Kb1 e4 33. Bd1 Qb5 34. Ba5 Qxd5 35. Qb4 Rc8 36. Rxc8+ Rxc8 37. b3 e3 38. Bf3 Qb5 39. Qxb5 axb5 40. Rxe3 Bxf3 41. Rxf3 Re8 42. Bb6 Re2 43. Rf2 Re6 44. Ba5 Kb7 45. Kb2 Re4 1/2-1/2

[Event "Steinfurt Bezirksliga 1213"]
[Site "Germany"]
[Date "2013.05.04"]
[Round "9.1"]
[White "Hedwig, Johannes"]
[Black "Guennigmann, Stefan"]
[Result "1/2-1/2"]
[WhiteElo "1753"]
[BlackElo "1755"]
[PlyCount "26"]
[EventDate "2012.09.22"]
[EventType "team-tourn"]
[EventRounds "9"]
[EventCountry "GER"]
[SourceTitle "EXT 2015"]
[Source "ChessBase"]
[SourceDate "2014.11.20"]
[SourceVersion "1"]
[SourceVersionDate "2014.11.20"]
[SourceQuality "1"]
[WhiteTeam "Emsdetten Rochade II"]
[BlackTeam "Saerbeck II"]
[WhiteTeamCountry "GER"]
[BlackTeamCountry "GER"]

1. e4 c5 2. Nf3 Nc6 3. d4 cxd4 4. Nxd4 Nf6 5. Nc3 d6 6. Be2 e5 7. Nb3 Be7 8. 0-0 0-0 9. Be3 Be6 10. f4 exf4 11. Bxf4 d5 12. exd5 Nxd5 13. Nxd5 Bxd5 1/2-1/2

[Event "Steinfurt Bezirksliga 1213"]
[Site "Germany"]
[Date "2013.03.02"]
[Round "7.1"]
[White "Visschedijk, Theo"]
[Black "Hedwig, Johannes"]
[Result "1/2-1/2"]
[WhiteElo "1863"]
[BlackElo "1753"]
[PlyCount "82"]
[EventDate "2012.09.22"]
[EventType "team-tourn"]
[EventRounds "9"]
[EventCountry "GER"]
[SourceTitle "EXT 2015"]
[Source "ChessBase"]
[SourceDate "2014.11.20"]
[SourceVersion "1"]
[SourceVersionDate "2014.11.20"]
[SourceQuality "1"]
[WhiteTeam "Emsdetten Turm III"]
[BlackTeam "Emsdetten Rochade II"]
[WhiteTeamCountry "GER"]
[BlackTeamCountry "GER"]

1. e4 d5 2. Nc3 d4 3. Nb1 e5 4. d3 c5 5. g3 Nc6 6. Bg2 Bd6 7. Ne2 Nge7 8. 0-0 0-0 9. f4 f5 10. Na3 Be6 11. b3 a6 12. Nc4 Bxc4 13. bxc4 Rb8 14. Bd2 Qe8 15. exf5 Nxf5 16. g4 Nh6 17. h3 exf4 18. Nxf4 Kh8 19. Qe1 Ne5 20. Nd5 Qd7 21. Qh4 Ng6 22. Qh5 Nf7 23. Be4 Nfe5 24. Bf4 Qe6 25. Bf5 Qe8 26. Bxg6 Qxg6 27. Qxg6 hxg6 28. Bxe5 Bxe5 29. Rxf8+ Rxf8 30. Rf1 Rxf1+ 31. Kxf1 Kg8 32. Ke2 Kf7 33. Kf3 Ke6 34. Ke4 Bb8 35. Nb6 Bd6 36. Na4 Be7 37. Nb2 Bd6 38. a4 Bc7 39. Nd1 Bg3 40. c3 Be5 41. cxd4 Bxd4 1/2-1/2

[Event "Steinfurt Bezirksliga 1213"]
[Site "Germany"]
[Date "2012.11.24"]
[Round "3.1"]
[White "Wetterau, Georg"]
[Black "Hedwig, Johannes"]
[Result "0-1"]
[WhiteElo "1771"]
[BlackElo "1753"]
[PlyCount "52"]
[EventDate "2012.09.22"]
[EventType "team-tourn"]
[EventRounds "9"]
[EventCountry "GER"]
[SourceTitle "EXT 2015"]
[Source "ChessBase"]
[SourceDate "2014.11.20"]
[SourceVersion "1"]
[SourceVersionDate "2014.11.20"]
[SourceQuality "1"]
[WhiteTeam "Nordwalde"]
[BlackTeam "Emsdetten Rochade II"]
[WhiteTeamCountry "GER"]
[BlackTeamCountry "GER"]

1. e4 d5 2. Nc3 d4 3. Nce2 c5 4. d3 Nc6 5. Ng3 Nf6 6. Be2 e5 7. f4 exf4 8. Bxf4 Bd6 9. Qd2 Bxf4 10. Qxf4 Qa5+ 11. Kf1 0-0 12. Nh3 Ne7 13. Nh5 Nxh5 14. Bxh5 Ng6 15. Qg3 Qd2 16. Qf2 Qh6 17. g4 Ne7 18. Nf4 g6 19. g5 Qxg5 20. Rg1 Qe5 21. h4 Bd7 22. Rg5 Qd6 23. e5 Qb6 24. c3 f6 25. exf6 Qxf6 26. Bxg6 hxg6 0-1

[Event "Steinfurt Bezirksliga 1011"]
[Site "Germany"]
[Date "2011.01.22"]
[Round "4.2"]
[White "Hedwig, Johannes"]
[Black "Richter, Michael4444"]
[Result "1/2-1/2"]
[WhiteElo "1731"]
[BlackElo "1683"]
[PlyCount "30"]
[EventDate "2010.10.02"]
[EventType "team-tourn"]
[EventRounds "9"]
[EventCountry "GER"]
[SourceTitle "EXT 2012"]
[Source "ChessBase"]
[SourceDate "2011.11.24"]
[SourceVersion "1"]
[SourceVersionDate "2011.11.24"]
[SourceQuality "1"]
[WhiteTeam "Emsdetten Rochade II"]
[BlackTeam "Reckenfeld"]
[WhiteTeamCountry "GER"]
[BlackTeamCountry "GER"]

1. e4 c5 2. Nf3 d6 3. d4 cxd4 4. Nxd4 Nf6 5. Nc3 g6 6. Be3 Bg7 7. f3 Nc6 8. Qd2 h5 9. Be2 Bd7 10. 0-0-0 Ne5 11. h3 Rc8 12. f4 Nc6 13. Rdg1 Nxd4 14. Bxd4 Qa5 15. g4 Nxe4 1/2-1/2

[Event "Muensterland Verbandsklasse-A 0910"]
[Site "Germany"]
[Date "2010.01.09"]
[Round "5.4"]
[White "Rickert, Berthold"]
[Black "Hedwig, Johannes"]
[Result "1/2-1/2"]
[WhiteElo "1823"]
[BlackElo "1725"]
[PlyCount "83"]
[EventDate "2009.09.19"]
[EventType "team-tourn"]
[EventRounds "9"]
[EventCountry "GER"]
[SourceTitle "EXT 2011"]
[Source "ChessBase"]
[SourceDate "2010.11.26"]
[SourceVersion "1"]
[SourceVersionDate "2010.11.26"]
[SourceQuality "1"]
[WhiteTeam "Borken"]
[BlackTeam "Emsdetten Rochade II"]
[WhiteTeamCountry "GER"]
[BlackTeamCountry "GER"]

1. c4 e5 2. Nc3 Nc6 3. g3 g6 4. Bg2 Bg7 5. e3 Nge7 6. Nge2 d6 7. 0-0 Rb8 8. Rb1 Be6 9. Nd5 Qd7 10. b4 a6 11. d3 0-0 12. a3 Nd8 13. Bb2 Nxd5 14. cxd5 Bh3 15. e4 Bxg2 16. Kxg2 f5 17. f3 Nf7 18. Bc1 Bf6 19. Qc2 Rbc8 20. Bd2 Ng5 21. Bxg5 Bxg5 22. f4 exf4 23. Nxf4 Bxf4 24. Rxf4 fxe4 25. Rxf8+ Rxf8 26. dxe4 Qf7 27. Qe2 Qf6 28. Rb3 Qd4 29. Rd3 Qa1 30. Rf3 Rxf3 31. Qxf3 Kg7 32. h4 Qf6 33. Qe3 Qe5 34. Qf3 Qf6 35. Qe3 h5 36. Qc1 Qe7 37. Qc3+ Kf7 38. Qc4 Qd7 39. Qc3 Qe7 40. Qc4 Kf6 41. Qf1+ Kg7 42. Qc4 1/2-1/2

[Event "Steinfurt Bezirksliga 0708"]
[Site "Germany"]
[Date "2008.03.15"]
[Round "7.4"]
[White "Welzel, Wilhelm"]
[Black "Hedwig, Johannes"]
[Result "1/2-1/2"]
[WhiteElo "1609"]
[BlackElo "1713"]
[PlyCount "87"]
[EventDate "2007.09.22"]
[EventType "team-tourn"]
[EventRounds "9"]
[EventCountry "GER"]
[SourceTitle "EXT 2009"]
[Source "ChessBase"]
[SourceDate "2008.11.26"]
[SourceVersion "1"]
[SourceVersionDate "2008.11.26"]
[SourceQuality "1"]
[WhiteTeam "Ibbenbueren II"]
[BlackTeam "Emsdetten Rochade II"]
[WhiteTeamCountry "GER"]
[BlackTeamCountry "GER"]

1. e4 c5 2. Nf3 d6 3. c4 g6 4. d4 cxd4 5. Nxd4 Bg7 6. Nc3 Nf6 7. Be2 Nc6 8. Be3 0-0 9. 0-0 Bd7 10. f4 Rc8 11. Qd2 Nxd4 12. Bxd4 Qa5 13. Rad1 Rfd8 14. Nd5 Qxd2 15. Nxf6+ Bxf6 16. Rxd2 Bxd4+ 17. Rxd4 Bc6 18. Rfd1 Re8 19. e5 dxe5 20. fxe5 Rc7 21. b4 b6 22. b5 Bb7 23. Rd7 Rec8 24. Kf2 Kg7 25. R1d4 h5 26. Rxc7 Rxc7 27. g4 hxg4 28. Bxg4 Kf8 29. e6 f5 30. Bf3 Bc8 31. Bd5 Kg7 32. Rd2 Kf6 33. Re2 Bb7 34. Ke3 Bxd5 35. cxd5 Rc5 36. Kd4 Rc1 37. Rd2 g5 38. a3 g4 39. h3 g3 40. Rg2 f4 41. Ke4 Kg5 42. Re2 Rd1 43. Rc2 Rf1 44. Rc8 1/2-1/2

[Event "Muensterland Verbandsklasse-A 0708"]
[Site "Germany"]
[Date "2007.09.15"]
[Round "1.8"]
[White "Hedwig, Johannes"]
[Black "Pliete, Henning"]
[Result "0-1"]
[WhiteElo "1713"]
[BlackElo "1346"]
[PlyCount "62"]
[EventDate "2007.09.22"]
[EventType "team"]
[EventRounds "9"]
[EventCountry "GER"]
[SourceTitle "EXT 2009"]
[Source "ChessBase"]
[SourceDate "2008.11.26"]
[SourceVersion "1"]
[SourceVersionDate "2008.11.26"]
[SourceQuality "1"]
[WhiteTeam "Emsdetten Rochade"]
[BlackTeam "Raesfeld Erle"]
[WhiteTeamCountry "GER"]
[BlackTeamCountry "GER"]

1. e4 e5 2. Nf3 Nc6 3. d4 exd4 4. Bc4 d6 5. Nxd4 Bd7 6. 0-0 Nf6 7. Nc3 Be7 8. f4 b6 9. Nxc6 Bxc6 10. Qe2 0-0 11. e5 dxe5 12. fxe5 Nd7 13. e6 Nf6 14. exf7+ Kh8 15. Rd1 Bc5+ 16. Kh1 Qc8 17. Be3 Bd6 18. Bd4 Qh3 19. Bg1 Nh5 20. Rd3 Qh4 21. Bd5 Bxd5 22. Nxd5 Ng3+ 23. Rxg3 Bxg3 24. Nxc7 Bxc7 25. Re1 Qd8 26. Qh5 Qd7 27. Rf1 Bd8 28. Rf3 Qc6 29. Rh3 h6 30. Qxh6+ gxh6 31. Bd4+ Kh7 0-1

[Event "Steinfurt Bezirksliga 0607"]
[Site "Germany"]
[Date "2007.03.03"]
[Round "7.2"]
[White "Altenaehr, Johannes"]
[Black "Hedwig, Johannes"]
[Result "0-1"]
[WhiteElo "1489"]
[BlackElo "1728"]
[PlyCount "144"]
[EventDate "2006.09.09"]
[EventType "team-tourn"]
[EventRounds "9"]
[EventCountry "GER"]
[SourceTitle "EXT 2008"]
[Source "ChessBase"]
[SourceDate "2007.11.25"]
[SourceVersion "1"]
[SourceVersionDate "2007.11.25"]
[SourceQuality "1"]
[WhiteTeam "Rheine CC"]
[BlackTeam "Emsdetten Rochade III"]
[WhiteTeamCountry "GER"]
[BlackTeamCountry "GER"]

1. Nf3 d5 2. d4 Nf6 3. c3 e6 4. Bg5 Be7 5. Bxf6 Bxf6 6. e3 Nd7 7. Bd3 c5 8. 0-0 b6 9. Re1 Bb7 10. Nbd2 0-0 11. e4 dxe4 12. Bxe4 Bxe4 13. Rxe4 cxd4 14. Nxd4 Nc5 15. Rg4 Qd5 16. N2f3 Rad8 17. Qc2 Rfe8 18. Rg3 h6 19. b4 Ne4 20. Rg4 Nd6 21. Qb3 Qb7 22. a4 e5 23. Nb5 a6 24. Nxd6 Rxd6 25. Nh4 Qd7 26. Re4 Rd8 27. Nf3 Rd1+ 28. Rxd1 Qxd1+ 29. Qxd1 Rxd1+ 30. Re1 Rxe1+ 31. Nxe1 e4 32. c4 Be7 33. Nc2 a5 34. b5 Kf8 35. Nd4 Bc5 36. Nf5 h5 37. Ng3 e3 38. fxe3 Bxe3+ 39. Kf1 g6 40. Ke2 Bf4 41. Kf3 Bxg3 42. hxg3 Ke7 43. Ke4 Kd6 44. Kd4 f6 45. c5+ bxc5+ 46. Kc4 f5 47. b6 Kc6 48. b7 Kxb7 49. Kxc5 Kc7 50. Kb5 g5 51. Kc5 h4 52. gxh4 gxh4 53. Kd4 Kd6 54. Kd3 Kc5 55. Kc3 f4 56. Kd3 Kb4 57. Ke4 Kxa4 58. Kxf4 Kb4 59. Kg4 a4 60. Kxh4 a3 61. g4 a2 62. g5 a1Q 63. g6 Qe5 64. Kg4 Kc4 65. Kh4 Qf5 66. Kg3 Qxg6+ 67. Kf4 Kd4 68. Kf3 Qe4+ 69. Kf2 Qe3+ 70. Kf1 Qd2 71. Kg1 Ke3 72. Kh1 Kf3 0-1

[Event "Steinfurt Bezirksliga 0607"]
[Site "Germany"]
[Date "2006.11.04"]
[Round "3.2"]
[White "Huesmann, Stephan"]
[Black "Hedwig, Johannes"]
[Result "1/2-1/2"]
[WhiteElo "1585"]
[BlackElo "1728"]
[PlyCount "43"]
[EventDate "2006.09.09"]
[EventType "team-tourn"]
[EventRounds "9"]
[EventCountry "GER"]
[SourceTitle "EXT 2008"]
[Source "ChessBase"]
[SourceDate "2007.11.25"]
[SourceVersion "1"]
[SourceVersionDate "2007.11.25"]
[SourceQuality "1"]
[WhiteTeam "Rheine Klein Berlin II"]
[BlackTeam "Emsdetten Rochade III"]
[WhiteTeamCountry "GER"]
[BlackTeamCountry "GER"]

1. e4 c5 2. Nf3 d6 3. d4 cxd4 4. Nxd4 Nf6 5. Nc3 a6 6. f3 e6 7. Be3 Qc7 8. Qd2 Be7 9. 0-0-0 Nc6 10. Qf2 Bd7 11. g4 0-0 12. g5 Ne8 13. h4 b5 14. h5 b4 15. Nce2 Rc8 16. Nxc6 Bxc6 17. Nd4 Qa5 18. Kb1 Bxg5 19. Bxg5 Qxg5 20. Bd3 h6 21. Rdg1 Qf6 22. Rh2 1/2-1/2

[Event "Steinfurt Bezirksliga 0607"]
[Site "Germany"]
[Date "2006.09.30"]
[Round "2.3"]
[White "Luecke, Thomas"]
[Black "Hedwig, Johannes"]
[Result "1/2-1/2"]
[WhiteElo "1866"]
[BlackElo "1728"]
[PlyCount "54"]
[EventDate "2006.09.09"]
[EventType "team-tourn"]
[EventRounds "9"]
[EventCountry "GER"]
[SourceTitle "EXT 2008"]
[Source "ChessBase"]
[SourceDate "2007.11.25"]
[SourceVersion "1"]
[SourceVersionDate "2007.11.25"]
[SourceQuality "1"]
[WhiteTeam "Emsdetten Rochade"]
[BlackTeam "Emsdetten Rochade III"]
[WhiteTeamCountry "GER"]
[BlackTeamCountry "GER"]

1. c4 e5 2. Nc3 Nc6 3. g3 g6 4. Bg2 Bg7 5. d3 Nge7 6. Nf3 0-0 7. 0-0 d6 8. Bd2 Be6 9. Rb1 a5 10. a3 Qd7 11. Ng5 Rab8 12. b4 axb4 13. axb4 Nd8 14. Nxe6 Nxe6 15. Ra1 c6 16. Ra5 b6 17. Ra6 d5 18. cxd5 cxd5 19. Qa4 Qd8 20. Qa2 Nc7 21. Ra4 Kh8 22. Rc1 f5 23. Bg5 Bf6 24. Bxf6+ Rxf6 25. Ra7 Nc8 26. Ra3 Ne7 27. Ra7 Nc8 1/2-1/2

[Event "Steinfurt Bezirksliga 0506"]
[Site "Germany"]
[Date "2006.03.09"]
[Round "7.2"]
[White "Ulbricht Weiss, Wolfgang"]
[Black "Hedwig, Johannes"]
[Result "0-1"]
[WhiteElo "1207"]
[BlackElo "1561"]
[PlyCount "112"]
[EventDate "2005.09.24"]
[EventType "team-tourn"]
[EventRounds "9"]
[EventCountry "GER"]
[SourceTitle "EXT 2006"]
[Source "ChessBase"]
[SourceDate "2005.11.24"]
[SourceVersion "1"]
[SourceVersionDate "2005.11.24"]
[SourceQuality "1"]
[WhiteTeam "Rheine"]
[BlackTeam "Emsdetten Rochade II"]
[WhiteTeamCountry "GER"]
[BlackTeamCountry "GER"]

1. e4 c5 2. Nf3 d6 3. Bc4 Nc6 4. Ng5 e6 5. d3 Nf6 6. 0-0 Be7 7. Nf3 a6 8. a3 0-0 9. Bd2 d5 10. exd5 exd5 11. Ba2 Bg4 12. h3 Bh5 13. Bg5 Qb6 14. b3 Rfe8 15. Nbd2 Rad8 16. Be3 Qc7 17. Qc1 h6 18. d4 b6 19. c3 Bd6 20. b4 c4 21. Bb1 Ne7 22. Nh4 Bg6 23. Nxg6 Nxg6 24. Bxg6 fxg6 25. Nf3 Ne4 26. Qc2 g5 27. Rfe1 Qd7 28. Nd2 Re7 29. Nxe4 Rxe4 30. f3 Re7 31. Qf2 Qc7 32. Qf1 Rde8 33. Bd2 Bg3 34. Rxe7 Qxe7 35. Rd1 Qe6 36. a4 Kh7 37. Rc1 Kg6 38. Qd1 h5 39. Qc2+ Qf5 40. Qxf5+ Kxf5 41. Kf1 g4 42. a5 b5 43. Be1 Bxe1 44. Rxe1 Rxe1+ 45. Kxe1 gxf3 46. gxf3 Kf4 47. Kf2 h4 48. Ke2 Kg3 49. Ke3 Kxh3 50. Kf2 g5 51. f4 Kg4 52. fxg5 Kxg5 53. Kf3 Kf5 54. Kg2 Ke4 55. Kh3 Kd3 56. Kxh4 Kxc3 0-1